000
00239nam a2200097Ia 4500
008
231212s1992 xx 000 0 und d
041
_a
eng
100
_a
Liu Cheng Yu
245
_a
Microcomputers Systems
260
_a
New Delhi
_b
Prentic
_c
1992
999
_c
962887
_d
962887